000
00327nam a22001457a 4500
008
210310b ||||| |||| 00| 0 eng d
020
_a
0721690297
041
_a
eng
080
_2
2nd
_a
573
082
_a
573
100
_a
11
101
_a
BIO
245
_a
Biological Principles and Progesses
_c
Villee,A.C
942
_2
udc
_c
BK
999
_c
56205
_d
56205